书目信息 |
| 题名: |
稻草人
|
|
| 作者: | 叶圣陶 著 | |
| 分册: | ||
| 出版信息: | 北京 中译出版社 2017 |
|
| 页数: | 168页 | |
| 开本: | 24cm | |
| 丛书名: | 语文新课标必读丛书 | |
| 单 册: | ||
| 中图分类: | I286.7 | |
| 科图分类: | ||
| 主题词: | 童话--作品集--中国--现代 | |
| 电子资源: | ||
| ISBN: | 978-7-5001-5376-4 | |
| 000 | 00729oam2 2200253 450 | |
| 001 | 3747 | |
| 005 | 20180527191206.00 | |
| 010 | @a978-7-5001-5376-4@dCNY19.80 | |
| 100 | @a20180217d2017 demy0chiy50 ea | |
| 101 | 0 | @achi |
| 102 | @aCN@b110000 | |
| 105 | @aa z 000fy | |
| 200 | 1 | @a稻草人@9dao cao ren@f叶圣陶著 |
| 210 | @a北京@c中译出版社@d2017 | |
| 215 | @a168页@c图@d24cm | |
| 225 | 1 | @a语文新课标必读丛书 |
| 300 | @a读名著·学语文 双色插图珍藏版 | |
| 461 | 0 | @12001 @a语文新课标必读丛书 |
| 500 | 10 | @a稻草人@9dao cao ren@n(叶圣陶著) |
| 606 | 0 | @a童话@x作品集@y中国@z现代 |
| 690 | @aI286.7@v5 | |
| 701 | 0 | @a叶圣陶@9ye sheng tao@f(1894~1988)@4著 |
| 801 | 0 | @aCN@b91MARC@c20180217 |
| 905 | @aMuseLib@dI286.7@e64 | |
| 稻草人/叶圣陶著.-北京:中译出版社,2017 |
| 168页:图;24cm.-(语文新课标必读丛书) |
| 读名著·学语文 双色插图珍藏版 |
| ISBN 978-7-5001-5376-4:CNY19.80 |
| ● |
| 相关链接 |
|
|
|
|
正题名:稻草人
索取号:I286.7/64
 
预约/预借
| 序号 | 登录号 | 条形码 | 馆藏地/架位号 | 状态 | 备注 |
| 1 | 1110451 | 211104516 | 第一样本阅览室/ [索取号:I286.7/64] | 在馆 | |
| 2 | 1110452 | 211104525 | 教育系资料室/ [索取号:I286.7/64] | 在馆 | |
| 3 | 1110453 | 211104534 | 教育系资料室/ [索取号:I286.7/64] | 在馆 | |
| 4 | 1110454 | 211104543 | 第二借阅区/ [索取号:I286.7/64] | 在馆 |